000 00501nam a2200181 a 4500
005 20210223123327.0
008 991125s1972 mx 000 0 spa u
035 _aUPN01000051570
049 _aCG
050 4 _aPQ7297.16
_bF5.7
100 1 _aFlores, Chava,
_d1920-1987
_914838
245 1 0 _aRelatos de mi barrio /
_cpor Salvador Flores Rivera.
260 _aMéxico :
_bEDAMEX,
_c1972.
300 _a186 p.
440 0 _aMéxico vivo
600 1 4 _aFLORES, CHAVA,
_d1920-1987
_914838
905 _aLibro
999 _c51570
_d51570